LEADER 00849nam a2200217 4500 001 000000342162 003 CaOOAMICUS 005 20200921000000.0 008 200921s1988 it 001 u ita r 040 $aSeMil$bita 100 1 $aGalli, Luigi.$0(OLS)http://semarc/name/80808 245 12$aL'aratro :$bmeditazioni sulla sequela di Gesł /$cLuigi Galli. 264 1$aMilano :$bIn Dialogo,$c1988. 300 $a95 p. ;$c13 cm 500 $aACS Azione Cattolica Studenti 650 4$aSequela - Meditazioni.$0(OLS)http://semarc/subject/29164 850 $aSeMil 852 $aSeMil$W1$xVenegono$y1$m5D XII 30/23$j221557$B233153$CSeMilBibl$Z2$F233153 $81 996 $6245$aL'aratro :$bmeditazioni sulla sequela di Gesł$9(OLS)http://semarc/title/431025 996 $6264$aMilano :$bIn Dialogo$9(OLS)http://semarc/publisher/31663 LEADER 01017nam a2200217 i 4500 001 000000070728 003 CaOOAMICUS 005 20080925000000.0 008 080925s1905 it u000 u lat u 013 $a41900 040 $aSeMil$bita 100 1 $aFerretti, Augusto .$0(OLS)http://semarc/name/12311 245 13$aDe essentia boni malique moralis :$bdisputatio philosophica adversus hodiernos errores /$cAugustus Ferretti. 260 $aRomae :$bTypis iuvenum opificum a s. Iosepho,$c1905. 300 $aVI, 228 p. ;$c22 cm. 650 4$aFilosofia morale.$0(OLS)http://semarc/subject/232 650 4$aMorale e filosofia.$0(OLS)http://semarc/subject/13246 850 $aSeMil 852 $aSeMil$W1$xVenegono$y1$m2P III 101$j36881$B36881$CSeMilBibl$Z2$F36884 $81 996 $6245$aDe essentia boni malique moralis :$bdisputatio philosophica adversus hodiernos errores$9(OLS)http://semarc/title/113616 996 $6260$aRomae :$bTypis iuvenum opificum a s. Iosepho$9(OLS)http://semarc/publisher/36108